<?xml version="1.0" encoding="UTF-8"?><?xml-stylesheet type="text/xsl" href="static/style.xsl"?><OAI-PMH xmlns="http://www.openarchives.org/OAI/2.0/" xmlns:xsi="http://www.w3.org/2001/XMLSchema-instance" xsi:schemaLocation="http://www.openarchives.org/OAI/2.0/ http://www.openarchives.org/OAI/2.0/OAI-PMH.xsd"><responseDate>2026-06-01T22:06:45Z</responseDate><request verb="GetRecord" identifier="oai:riuma.uma.es:10630/13404" metadataPrefix="marc">https://riuma.uma.es/rest/oai/request</request><GetRecord><record><header><identifier>oai:riuma.uma.es:10630/13404</identifier><datestamp>2026-02-03T10:22:06Z</datestamp><setSpec>com_10630_1685</setSpec><setSpec>col_10630_38055</setSpec></header><metadata><record xmlns="http://www.loc.gov/MARC21/slim" xmlns:dcterms="http://purl.org/dc/terms/" xmlns:doc="http://www.lyncode.com/xoai" xmlns:xsi="http://www.w3.org/2001/XMLSchema-instance" xsi:schemaLocation="http://www.loc.gov/MARC21/slim http://www.loc.gov/standards/marcxml/schema/MARC21slim.xsd">
   <leader>00925njm 22002777a 4500</leader>
   <datafield ind2=" " ind1=" " tag="042">
      <subfield code="a">dc</subfield>
   </datafield>
   <datafield ind2=" " ind1=" " tag="720">
      <subfield code="a">Camero Martín, Juan</subfield>
      <subfield code="e">author</subfield>
   </datafield>
   <datafield ind2=" " ind1=" " tag="260">
      <subfield code="c">2017-03-30</subfield>
   </datafield>
   <datafield ind2=" " ind1=" " tag="520">
      <subfield code="a">El proyecto consiste en la creación de un plugin para el firmware libre&#xd;
OpenWRT para routers neutros, que permite gestionar la conexión a internet de&#xd;
dispositivos inalámbricos de forma intuitiva a través de un Smartphone con la&#xd;
aplicación Latch.&#xd;
Se agregará una capa de seguridad extra para el acceso a internet a través de nuestro&#xd;
router, de forma que podamos evitar el acceso a la red si un atacante consigue&#xd;
sobrepasar las primeras medidas de seguridad como la clave del punto de acceso o&#xd;
un filtro de MAC, usando técnicas de Mac Spoofing, etc.&#xd;
Dicho objetivo tiene especial importancia en el ámbito de redes de hogar, aunque&#xd;
también es relevante en pequeñas empresas, ya que en la mayoría de los casos los&#xd;
atacantes suelen ser personas, sin conocimientos avanzados, que se dedican a usar&#xd;
software automatizado para obtener acceso a la red.&#xd;
Dicho perfil de atacante normalmente solo busca el acceso a la red para tener acceso&#xd;
a internet y realizar descargas masivas, pero también puede perjudicar al usuario&#xd;
legítimo si el intruso realiza actividades delictivas desde esa red</subfield>
   </datafield>
   <datafield ind1="8" ind2=" " tag="024">
      <subfield code="a">http://hdl.handle.net/10630/13404</subfield>
   </datafield>
   <datafield tag="653" ind2=" " ind1=" ">
      <subfield code="a">Informática - Trabajos Fin de Grado</subfield>
   </datafield>
   <datafield tag="653" ind2=" " ind1=" ">
      <subfield code="a">Grado en Ingeniería Informática - Trabajos Fin de Grado</subfield>
   </datafield>
   <datafield tag="653" ind2=" " ind1=" ">
      <subfield code="a">Seguridad informática</subfield>
   </datafield>
   <datafield tag="653" ind2=" " ind1=" ">
      <subfield code="a">Redes inalámbricas - Control de acceso</subfield>
   </datafield>
   <datafield ind2="0" ind1="0" tag="245">
      <subfield code="a">Integrando Latch y OpenWRT para el control de acceso</subfield>
   </datafield>
</record>
</metadata></record></GetRecord></OAI-PMH>